BIBLIOTECA

SENCICO

Fundamentos físicos de la topografía / (Registro nro. 530)

Detalles MARC
000 -LEADER
fixed length control field 01475nam a2200253Ia 4500
003 - CONTROL NUMBER IDENTIFIER
control field PE SENCICO BE
005 - DATE AND TIME OF LATEST TRANSACTION
control field 20251020182440.0
008 - FIXED-LENGTH DATA ELEMENTS--GENERAL INFORMATION
fixed length control field 200515s9999 xx 000 0 und d
020 ## - INTERNATIONAL STANDARD BOOK NUMBER
International Standard Book Number 978-84-8454-789-1
040 ## - CATALOGING SOURCE
Original cataloging agency PE SENCICO BE
Transcribing agency PE SENCICO BE
041 ## - LANGUAGE CODE
Language code of text/sound track or separate title spa
082 ## - DEWEY DECIMAL CLASSIFICATION NUMBER
Classification number 526.9
Item number M94
100 1# - MAIN ENTRY--PERSONAL NAME
Personal name Muñoz Mato, Luis Alberto
9 (RLIN) 3297
Relator term autor
245 10 - TITLE STATEMENT
Title Fundamentos físicos de la topografía /
Statement of responsibility, etc. Luis Alberto Muñoz Mato
260 ## - PUBLICATION, DISTRIBUTION, ETC.
Place of publication, distribution, etc. Alicante :
Name of publisher, distributor, etc. editorial Club Universitario,
Date of publication, distribution, etc. [2009]
300 ## - PHYSICAL DESCRIPTION
Extent 139 páginas :
Other physical details ilustraciones, tablas, gráficos ;
Dimensions 24 cm.
504 ## - BIBLIOGRAPHY, ETC. NOTE
Bibliography, etc. note Bibliografías: p. 139
505 0# - FORMATTED CONTENTS NOTE
Formatted contents note Conceptos fundamentales de óptica geométrica -- Prismas ópticos -- Sistemas ópticos con superficies esféricas -- Sistemas ópticos centrados -- Limitaciones de los sistemas ópticos -- Instrumentos ópticos -- Fluidos -- Campo eléctrico -- Flujo eléctrico y teorema de Gauss -- Potencial electrostático -- Condensadores -- Corriente eléctrico -- Campo magnético
520 3# - SUMMARY, ETC.
Summary, etc. Presenta explicaciones teóricas en donde los temas van acompañados de varios ejemplos resueltos totalmente, con todo detalle y sin omitir ningún paso intermedio. Además de estos ejemplos resueltos, al final de cada bloque, se incluyen una serie de ejercicios resueltos propuestos y una colección de exámenes de la asignatura.
650 10 - SUBJECT ADDED ENTRY--TOPICAL TERM
Topical term or geographic name entry element Topografía
9 (RLIN) 4
650 20 - SUBJECT ADDED ENTRY--TOPICAL TERM
Topical term or geographic name entry element Sistemas ópticos
9 (RLIN) 3298
650 20 - SUBJECT ADDED ENTRY--TOPICAL TERM
Topical term or geographic name entry element Condensadores
9 (RLIN) 556
942 ## - ADDED ENTRY ELEMENTS (KOHA)
Koha item type Libros
Source of classification or shelving scheme Dewey Decimal Classification
Existencias
Fecha de la última vez que lo usaron Número de ingreso o de inventario Pago total Signatura topográfica completa Código de barras Precio efectivo desde Tipo de documento Estado perdido Sistema de clasificación Estado dañado No es para préstamo Retirado Ubicación permanente Ubicación actual Fecha de adquisición
15/05/2020 15166   526.9/M94 BibLima25100016 15/05/2020 Libros   Dewey Decimal Classification       Biblioteca Central Lima Biblioteca Central Lima 15/05/2020